Biggest Trading Partners - Estonia - Statistics

General Stats
  • This quiz has been taken 93 times
  • The average score is 37 of 40
Answer Stats
Trade Value Country % Correct
2 287 Finland
100%
1 790 Finland
100%
1 418 Latvia
100%
1 465 Latvia
100%
1 401 Russia
100%
2 501 Russia
100%
993 Germany
99%
1 943 Germany
99%
343 United Kingdom
99%
385 United Kingdom
99%
420 Poland
98%
1 177 Poland
98%
1 564 Sweden
98%
1 290 Sweden
98%
1 126 United States
98%
401 United States
98%
271 China
96%
1 179 China
96%
372 France
96%
461 France
96%
1 065 Lithuania
96%
1 502 Lithuania
96%
656 Norway
96%
246 Spain
96%
272 Spain
96%
561 Netherlands
95%
762 Netherlands
95%
205 Ukraine
93%
272 Japan
91%
326 Belgium
90%
404 Belgium
90%
581 Denmark
90%
296 Denmark
90%
174 Italy
90%
533 Italy
90%
295 Belarus
88%
392 Czechia
84%
199 Switzerland
84%
192 Turkey
79%
174 Singapore
36%
No matching quizzes found
Score Distribution
Percent of People with Each Score
Percentile by Number Answered
Your Score History
You have not taken this quiz